Geografía general y especial de España.

Gespeichert in:
Bibliographische Detailangaben
1. Verfasser: Pérez Pardo, Luis. Autor, Catedrático por oposición de Geografía Económica de la Escuela de Altos Estudios Mercantiles de Barcelona
Format: keine Angabe
Sprache:Spanisch
Erschienen: Barcelona Teide 1947
Katalog:MANES:  Suchergebnis im Bibliothekskatalog
Schulbuchspezifische Eigenschaften:
Schriftenreihe:Estudios Económicos
Tags: Tag hinzufügen
Keine Tags, Fügen Sie den ersten Tag hinzu!
Hinzugefügt zu:26.04.2016
Geändert in:07.05.2025

MARC

LEADER 000000000a22000000004500
001 09339
003 OSt
005 20250507134311.0
008 160427s sp ||||| |||| 00| 0 spa d
040 |c centro_manes 
041 1 |a spa 
561 |5 es-BUNED  |3 LT 0028  |a España. Fondo Manes UNED  |k MANES 
691 0 |a PRI 
100 1 |a Pérez Pardo, Luis. Autor, Catedrático por oposición de Geografía Económica de la Escuela de Altos Estudios Mercantiles de Barcelona  |9 5171 
245 0 0 |a Geografía general y especial de España. 
260 3 |a Barcelona  |b Teide  |c 1947 
300 |a 206 p.  |c 22,5 x 16 cm 
440 |a Estudios Económicos  |9 5172 
500 |a Obra básica de formación cultural. 
690 0 |a GEO 
942 |2 ddc  |c BK 
546 |a España 
999 |c 15313  |d 15313 
999 |c manes:15313  |d 15313